[Event "Bangkok Assumption op"]
[Site "Bangkok"]
[Date "2017.03.18"]
[Round "8"]
[White "Maneesorn, Kankawee"]
[Black "Krishi, Pallab Chutia"]
[Result "1/2-1/2"]
[WhiteElo "1886"]
[BlackElo "1712"]
[PlyCount "60"]
[EventDate "2017.03.10"]
[EventType "swiss"]
[EventRounds "9"]
[EventCountry "THA"]
[SourceTitle "EXT 2018"]
[Source "ChessBase"]
[SourceDate "2017.10.13"]
[SourceVersion "1"]
[SourceVersionDate "2017.10.13"]
[SourceQuality "1"]

1. e4 c5 2. Nf3 d6 3. d4 cxd4 4. Nxd4 Nf6 5. Nc3 g6 6. Be3 a6 7. f3 Bg7 8. Qd2 b5 9. 0-0-0 Bb7 10. h4 h5 11. Kb1 Nbd7 12. Nb3 Rc8 13. Nd5 Nxd5 14. exd5 Qc7 15. c3 Nb6 16. Bd4 Bxd4 17. Qxd4 0-0 18. g4 Bxd5 19. Be2 Bxb3 20. axb3 Qc5 21. Qf4 Kg7 22. gxh5 Qxh5 23. Qd4+ Qe5 24. Qxb6 Qxe2 25. Qxa6 Qxf3 26. Qxb5 Rb8 27. Qc4 Qf5+ 28. Kc1 Rfc8 29. Qd4+ e5 30. Qd5 Ra8 1/2-1/2

[Event "THA-chT"]
[Site "Bangkok"]
[Date "2015.12.05"]
[Round "3.1"]
[White "Laohawirapap, Prin"]
[Black "Krishi, Pallab Chutia"]
[Result "0-1"]
[WhiteElo "1333"]
[BlackElo "1626"]
[PlyCount "50"]
[EventDate "2015.12.04"]
[EventType "team-swiss"]
[EventRounds "9"]
[EventCountry "THA"]
[SourceTitle "CBM 170 Extra"]
[Source "ChessBase"]
[SourceDate "2016.02.25"]
[SourceVersion "1"]
[SourceVersionDate "2016.02.25"]
[SourceQuality "1"]
[WhiteTeam "KUS Assassins"]
[BlackTeam "BCC Juniors"]
[WhiteTeamCountry "THA"]
[BlackTeamCountry "THA"]

1. e4 c5 2. Nf3 d6 3. d4 cxd4 4. Nxd4 Nf6 5. Nc3 g6 6. Be3 a6 7. f3 Bg7 8. Qd2 b5 9. a3 Bb7 10. Be2 Nbd7 11. h4 h5 12. Rg1 Rc8 13. 0-0-0 Qc7 14. Kb1 Nb6 15. Bf2 Nc4 16. Bxc4 Qxc4 17. Rge1 0-0 18. Rg1 Rc7 19. Be3 Rfc8 20. g4 hxg4 21. fxg4 Nxe4 22. Nxe4 Bxe4 23. Rc1 e5 24. Ne2 Qb3 25. Bh6 Rxc2 0-1